| 000 | 00796nam a22002655i 4500 | ||
|---|---|---|---|
| 001 | 13631 | ||
| 003 | ES-MaACL | ||
| 005 | 20230906150628.0 | ||
| 007 | t| | ||
| 008 | 921123s1992 sp ||||0| cat j | ||
| 020 | _a84-87734-11-1 | ||
| 040 |
_aM-BN _bspa _cM-BN |
||
| 080 | _a75 Miró, Antoni | ||
| 080 | _a849.9-14"19" | ||
| 100 | 1 |
_aSou, Josep. _9107553 |
|
| 245 | 1 | 2 |
_aL'estança _b: camins en la pintura d'Antoni Miró (obra 1960-1990) : imatge i poesía / _cJosep Sou. |
| 260 |
_aValència : _bEdicions de la Guerra, _c[1992] |
||
| 300 |
_a70 p. : _bil. col. ; _c18 cm. |
||
| 490 | 1 |
_aPoesía ; _v15 |
|
| 600 | 1 | 4 |
_aMiró, Antoni. _981597 |
| 700 | 1 |
_aMiró, Antoni. _981597 |
|
| 830 | 0 |
_aPoesía ; _v15 _9177794 |
|
| 852 |
_aES-MaACL _jL-20993 _bR.121578 |
||
| 999 |
_c13631 _d13631 |
||